Leaders of the Cold War #4 - Statistics

General Stats
  • This quiz has been taken 18 times
  • The average score is 7 of 16
Answer Stats
Picture Answer % Correct
Kim Jong-Il
100%
Richard Nixon
100%
George H. W. Bush
88%
Pol Pot
71%
Harold Wilson
41%
Clement Attlee
35%
Dalai Lama
35%
Konstantin Chernenko
35%
Patrice Lumumba
35%
Jean-Bedel Bokassa
29%
Pierre Trudeau
29%
Kwame Nkrumah
18%
Rafael Trujillo
18%
Alexander Dubcek
12%
Hua Guofeng
12%
Robert Menzies
12%
No matching quizzes found
Score Distribution
Percent of People with Each Score
Percentile by Number Answered
Your Score History
You have not taken this quiz